[Event "London Classic Open 2016"]
[Site "London ENG"]
[Date "2016.12.15"]
[Round "8.104"]
[White "Giakoustidis, Spiros-Avgerinos"]
[Black "Kretov, Ivan"]
[Result "1-0"]
[WhiteElo "1800"]
[BlackElo "1674"]
[WhiteFideId "4208668"]
[BlackFideId "24194484"]
[EventDate "2016.12.09"]

1. d4 c6 2. c4 d5 3. Nc3 Nf6 4. Nf3 e6 5. Bg5 Be7 6. e3 Nbd7 7. Bd3 dxc4 8. Bxc4
b5 9. Bd3 Bb7 10. O-O O-O 11. Rc1 a6 12. e4 Rc8 13. e5 Nd5 14. Ne4 f6 15. Bh4 h6
16. exf6 N7xf6 17. Nc5 Bxc5 18. dxc5 Nb4 19. Bb1 Qxd1 20. Rcxd1 Rcd8 21. Nd4 e5
22. Nf5 Rxd1 23. Rxd1 Nbd5 24. f3 Nd7 25. Be7 Rf7 26. Bd6 Bc8 27. Ng3 a5 28. Re1
a4 29. Be4 Nb4 30. a3 Na6 31. Bxc6 Ndxc5 32. Rxe5 Rf6 33. Bd5+ Be6 34. Bxc5 Nxc5
35. Bxe6+ Nxe6 36. Ne4 Rg6 37. Rxb5 Nf4 38. g3 Nh3+ 39. Kg2 Nf4+ 40. Kf2 Nh3+
41. Ke3 Rc6 42. Rb4 Rc2 43. Nd2 Ng5 44. h4 Nh3 45. Kd3 Rc1 46. Rxa4 Rg1 47. Ne4
Rb1 48. Kc2 Rf1 49. Nd2 Rf2 50. Ra8+ Kf7 51. Ra7+ Kg6 52. g4 Ng1 53. h5+ Kh7 54.
Rf7 Kg8 55. Rf5 Ne2 56. Kd3 Rg2 57. Nc4 Nc1+ 58. Kc3 Ne2+ 59. Kb4 Nd4 60. Rf4
Ne2 61. Re4 Ng1 62. a4 Nxf3 63. a5 Ng5 64. Re8+ Kf7 65. Rc8 Nf3 66. a6 Ne5 67.
Nxe5+ Ke7 68. Nc4 1-0

[Event "London Classic Open 2016"]
[Site "London ENG"]
[Date "2016.12.15"]
[Round "8.105"]
[White "Ainsworth, George"]
[Black "Bin-Suhayl, Yousuf"]
[Result "0-1"]
[WhiteElo "1711"]
[BlackElo "1788"]
[WhiteFideId "449636"]
[BlackFideId "427012"]
[EventDate "2016.12.09"]

1. e4 d5 2. exd5 Nf6 3. Nf3 Nxd5 4. d4 Bf5 5. a3 e6 6. c4 Nf6 7. Nc3 c6 8. Be2
Be7 9. O-O O-O 10. Re1 h6 11. Bf4 Bd6 12. Bxd6 Qxd6 13. Qb3 b6 14. Rad1 Nbd7 15.
d5 cxd5 16. cxd5 Nc5 17. dxe6 Qxe6 18. Qb4 Qc8 19. Nd4 Bg4 20. Bxg4 Qxg4 21. h3
Qg6 22. Nc6 Kh8 23. Re7 Nd3 24. Qb5 Nf4 25. Qf1 Nxh3+ 26. Kh2 Nxf2 27. Ne5 Qh5+
28. Kg1 N6g4 29. Nxg4 Nxg4 30. Qf4 Qc5+ 31. Rd4 Qxe7 32. Qxg4 f5 33. Qd1 Rad8
34. Rxd8 Rxd8 35. Qf3 Qe1+ 36. Kh2 Rd4 0-1

[Event "London Classic Open 2016"]
[Site "London ENG"]
[Date "2016.12.15"]
[Round "8.106"]
[White "Islam, Mohammed"]
[Black "Solli, Oddvar"]
[Result "1-0"]
[WhiteElo "1788"]
[BlackElo "1731"]
[WhiteFideId "10211870"]
[BlackFideId "1501208"]
[EventDate "2016.12.09"]

1. c4 Nf6 2. d4 g6 3. Nc3 d5 4. cxd5 Nxd5 5. e4 Nxc3 6. bxc3 Bg7 7. Bc4 c5 8.
Ne2 Nc6 9. Be3 O-O 10. O-O Bd7 11. Ng3 a6 12. Rb1 b5 13. Be2 Qa5 14. d5 Ne5 15.
Bxc5 Rfe8 16. Bd4 Rac8 17. f4 Nc4 18. Bxg7 Kxg7 19. Qd4+ Kg8 20. f5 Nd6 21. Rf3
Nc4 22. Bxc4 Rxc4 23. Qe3 Rec8 24. fxg6 hxg6 25. Qf4 Qb6+ 26. Kh1 Be8 27. Qh6
Qd6 28. Nf5 Qe5 29. Rh3 1-0

[Event "London Classic Open 2016"]
[Site "London ENG"]
[Date "2016.12.15"]
[Round "8.107"]
[White "De Lagontrie, Jean"]
[Black "Barasi, Paul Dl"]
[Result "1/2-1/2"]
[WhiteElo "1746"]
[BlackElo "1770"]
[WhiteFideId "605271"]
[BlackFideId "432830"]
[EventDate "2016.12.09"]

1. d4 d5 2. c4 Nc6 3. cxd5 Qxd5 4. e3 e5 5. Nc3 Bb4 6. Bd2 Bxc3 7. bxc3 Nf6 8.
f3 O-O 9. e4 Qd6 10. d5 Ne7 11. c4 Nd7 12. Ne2 Nc5 13. Ng3 f5 14. Qc2 fxe4 15.
Nxe4 Nxe4 16. fxe4 c6 17. c5 Qf6 18. d6 Qf2+ 19. Kd1 Bg4+ 20. Kc1 Ng6 21. Qc4+
Kh8 22. h3 Bd7 23. Rb1 b6 24. Kc2 Nf4 25. Qc3 Ne6 26. Qe3 Nxc5 27. Bd3 Qf7 28.
Kb2 Qe6 29. Rhf1 Qxd6 30. Bc2 Ne6 31. Bc3 Nd4 32. Bd3 c5 33. Ka1 Be6 34. Qd2
Rad8 35. Rxf8+ Rxf8 36. Rf1 Rxf1+ 37. Bxf1 Qc6 38. Bd3 h6 39. Bb1 b5 40. Qf2 b4
41. Bb2 c4 42. Qf8+ Kh7 43. Qxb4 Qc7 44. Qc3 Qb6 45. Bc2 Qc6 46. Qd2 Qd6 47. Qc3
Qb6 48. Qd2 Qd6 49. Qc3 1/2-1/2

[Event "London Classic Open 2016"]
[Site "London ENG"]
[Date "2016.12.15"]
[Round "8.109"]
[White "Lie, Terje"]
[Black "Mohnblatt, Daniel"]
[Result "1/2-1/2"]
[WhiteElo "1563"]
[BlackElo "1769"]
[WhiteFideId "1504916"]
[BlackFideId "648582"]
[EventDate "2016.12.09"]

1. d4 Nf6 2. c4 e6 3. Nf3 b6 4. Nc3 Bb7 5. e3 Bb4 6. Bd2 O-O 7. Be2 c5 8. dxc5
Bxc5 9. O-O Nc6 10. a3 a5 11. Qc2 d5 12. cxd5 Nxd5 13. Nxd5 Qxd5 14. Rfd1 Qh5
15. Bc3 Rad8 16. Ne1 Qg5 17. Bf3 Ba8 18. Rd2 Rxd2 19. Bxd2 Rd8 20. g3 Qg6 21.
Qxg6 hxg6 22. Bc3 f6 23. Rd1 Rxd1 24. Bxd1 Ne7 25. Nd3 Bd6 26. Bd4 b5 27. Bb6 a4
28. Bc5 Bxc5 29. Nxc5 Kf7 30. Be2 Bc6 31. e4 e5 32. f3 Nc8 33. Kf2 Ke7 34. Ke3
Kd6 35. Na6 Nb6 36. Nb4 Bd7 37. Kd3 Be6 38. Kc3 Bc4 39. Bd1 Bf1 40. h4 Bc4 41.
Nc2 Bb3 42. Be2 Bxc2 43. Kxc2 Kc5 44. Kc3 Nd7 45. Bd3 g5 46. h5 Nf8 47. Bc2 Ne6
48. b4+ axb3 49. Bxb3 Nd4 50. Bd1 Kb6 51. Kd3 Kc6 52. f4 gxf4 53. gxf4 Kc5 54.
fxe5 fxe5 55. Kc3 Ne6 56. Kd3 Ng5 57. Bg4 Nf7 58. Be6 Nd6 59. Bd5 Ne8 60. Bf7
Nf6 61. Bg6 Nd7 62. Bf5 Nb6 63. Be6 Na4 64. Bb3 Nb6 65. Kc3 Nd7 66. Kd3 Kd6 67.
Bf7 Nc5+ 68. Ke3 Ke7 69. Bg6 Ne6 70. Kd3 Kd6 71. Kc3 Kc5 72. Be8 Nf4 73. Bf7
Ne2+ 74. Kd3 Nd4 75. Bd5 Nf3 1/2-1/2

[Event "London Classic Open 2016"]
[Site "London ENG"]
[Date "2016.12.15"]
[Round "8.110"]
[White "Leko, Ian E"]
[Black "Kalerwa, Edwin M"]
[Result "1/2-1/2"]
[WhiteElo "1588"]
[BlackElo "1756"]
[WhiteFideId "452173"]
[BlackFideId "422223"]
[EventDate "2016.12.09"]

1. e4 c5 2. Nf3 d6 3. d4 cxd4 4. Nxd4 a6 5. c4 Nf6 6. Nc3 g6 7. Be2 Bg7 8. Be3
Bd7 9. O-O Nc6 10. b3 O-O 11. f3 Rc8 12. Qd2 Ne8 13. Rad1 f5 14. c5 Nxd4 15.
Bxd4 Bxd4+ 16. Qxd4 Rxc5 17. Bc4+ e6 18. b4 Rc7 19. e5 Qc8 20. Nd5 exd5 21.
Bxd5+ Be6 22. exd6 Nxd6 23. Bxe6+ Qxe6 24. Qxd6 Qe3+ 25. Rf2 Rc2 26. Qd5+ Rf7
27. Qd8+ Kg7 28. Qd4+ Qxd4 29. Rxd4 Rc1+ 30. Rf1 Rfc7 31. Rfd1 b5 32. Kf2 R7c2+
33. R4d2 f4 34. Ke2 h5 35. Rxc1 Rxc1 36. g3 Rc4 37. a3 fxg3 38. hxg3 Rc3 39. Rd3
Rc2+ 40. Rd2 Rc3 1/2-1/2

[Event "London Classic Open 2016"]
[Site "London ENG"]
[Date "2016.12.15"]
[Round "8.112"]
[White "Haddock, Paul"]
[Black "Spychala, Josefa"]
[Result "1-0"]
[WhiteElo "1569"]
[BlackElo "1466"]
[WhiteFideId "419150"]
[BlackFideId "1136208"]
[EventDate "2016.12.09"]

1. e4 c5 2. Nc3 d6 3. f4 Nf6 4. Nf3 a6 5. d4 cxd4 6. Nxd4 e6 7. Be2 Be7 8. O-O
Qc7 9. Kh1 b5 10. a3 Bb7 11. Bd3 Nc6 12. Be3 Rd8 13. Qf3 O-O 14. Rae1 Kh8 15.
Qh3 g6 16. f5 exf5 17. exf5 Ne5 18. fxg6 fxg6 19. Ne6 Qc8 20. Kg1 Nxd3 21. cxd3
Qd7 22. Bd4 Bc8 23. Qh6 Rf7 24. Nxd8 Bxd8 25. Nd5 Bb7 26. Bxf6+ Bxf6 27. Nxf6
Qc6 1-0

[Event "London Classic Open 2016"]
[Site "London ENG"]
[Date "2016.12.15"]
[Round "8.113"]
[White "Roebuck, Derek"]
[Black "Balaji, Aaravamudhan"]
[Result "1-0"]
[WhiteElo "1653"]
[BlackElo "1634"]
[WhiteFideId "3226999"]
[BlackFideId "436224"]
[EventDate "2016.12.09"]

1. e4 e5 2. Nf3 Nc6 3. Bb5 a6 4. Ba4 b5 5. Bb3 h6 6. d4 exd4 7. Nxd4 Qh4 8. O-O
Nge7 9. Nc3 Ne5 10. Nf3 Qf6 11. Nxe5 Qxe5 12. Be3 Bb7 13. Re1 Ng6 14. Qf3 Qf6
15. Qxf6 gxf6 16. Nd5 Bxd5 17. exd5 O-O-O 18. a4 bxa4 19. Rxa4 Nh4 20. Rxa6 Bg7
21. Ra8+ Kb7 22. Ra7+ Kc8 23. Rea1 d6 24. Ba4 1-0

[Event "London Classic Open 2016"]
[Site "London ENG"]
[Date "2016.12.15"]
[Round "8.114"]
[White "Witt, Holger"]
[Black "Thatte, Nishchal"]
[Result "1/2-1/2"]
[WhiteElo "1628"]
[BlackElo "1495"]
[WhiteFideId "24678139"]
[BlackFideId "447234"]
[EventDate "2016.12.09"]

1. c4 e5 2. Nc3 Nf6 3. Nf3 d6 4. d4 e4 5. Nd2 Bf5 6. e3 c6 7. Be2 d5 8. O-O Bd6
9. cxd5 cxd5 10. Nb5 O-O 11. Nxd6 Qxd6 12. f3 Bg6 13. fxe4 Nxe4 14. Nxe4 Bxe4
15. Bf3 Bg6 16. Qb3 Rd8 17. Bd2 Nc6 18. Rac1 b6 19. Bg4 Be4 20. Qb5 Qg6 21. Bh3
Ne7 22. Rf2 Bc2 23. Bb4 a6 24. Qe2 Bd3 25. Qf3 Nc6 26. Bd2 Be4 27. Qf4 a5 28.
Qc7 Nb4 29. Bxb4 axb4 30. Rc6 Qh5 31. Rc1 Qg6 32. Rc6 Qh5 33. Rc1 Qg6 34. Rc6
Qh5 1/2-1/2

[Event "London Classic Open 2016"]
[Site "London ENG"]
[Date "2016.12.16"]
[Round "9.3"]
[White "Safarli, Eltaj"]
[Black "Bogner, Sebastian"]
[Result "0-1"]
[WhiteTitle "GM"]
[BlackTitle "GM"]
[WhiteElo "2691"]
[BlackElo "2564"]
[WhiteFideId "13402129"]
[BlackFideId "4692055"]
[EventDate "2016.12.09"]

1. e4 e5 2. Nf3 Nf6 3. d4 Nxe4 4. dxe5 d5 5. Nbd2 Nc6 6. Nxe4 dxe4 7. Qxd8+ Nxd8
8. Nd4 Bc5 9. Be3 O-O 10. O-O-O Bd7 11. Bc4 Re8 12. Rhe1 Rxe5 13. Bf4 Re7 14.
Nb3 Bxf2 15. Bg5 Re8 16. Re2 b5 17. Bd5 c6 18. Bxe4 Bf5 19. Bxd8 Bxe4 20. Bg5
Bb6 21. Rde1 f5 22. Nd2 Re6 23. Nxe4 fxe4 24. Rxe4 Rg6 25. Bf4 Rxg2 26. Re6 Rf8
27. Bd6 Rff2 28. Re8+ Kf7 29. Rf8+ Kg6 30. Re6+ Kh5 31. Rxf2 Bxf2 32. Bb8 Bg1
33. Rxc6 Bxh2 34. Bxh2 Rxh2 35. Rc7 Kg6 36. Rxa7 h5 37. Ra6+ Kh7 38. Rb6 g5 39.
Rb7+ Kg6 40. Rb6+ Kg7 41. Rb7+ Kf6 42. Rb6+ Kf7 43. Rb7+ Ke6 44. Rb6+ Ke5 45.
Rxb5+ Kf4 46. Rb8 h4 47. b4 h3 48. b5 Re2 49. Rh8 h2 50. Kb2 Kg3 51. Rh5 Re4 52.
b6 Rb4+ 53. Kc3 Rxb6 54. Rxg5+ Kh4 0-1

[Event "London Classic Open 2016"]
[Site "London ENG"]
[Date "2016.12.16"]
[Round "9.4"]
[White "Blomqvist, Erik"]
[Black "Smirin, Ilia"]
[Result "0-1"]
[WhiteTitle "GM"]
[BlackTitle "GM"]
[WhiteElo "2567"]
[BlackElo "2669"]
[WhiteFideId "1709437"]
[BlackFideId "2801990"]
[EventDate "2016.12.09"]

1. e4 e5 2. Nf3 Nc6 3. Bb5 a6 4. Ba4 Nf6 5. O-O Be7 6. d3 b5 7. Bb3 d6 8. a3 Be6
9. Nc3 Bxb3 10. cxb3 O-O 11. Be3 Qd7 12. Rc1 b4 13. Nd5 Nxd5 14. exd5 Na7 15.
Qc2 Rfc8 16. Bxa7 Rxa7 17. d4 Bf6 18. a4 exd4 19. Rfd1 Re8 20. Nxd4 Qg4 21. Nc6
Raa8 22. Re1 h5 23. Rcd1 h4 24. h3 Qf4 25. Re2 Rxe2 26. Qxe2 a5 27. Re1 g6 28.
Qc2 Kg7 29. Re3 Rh8 30. Rf3 Qg5 31. Rd3 Re8 32. Qd2 Qf5 33. Nxa5 Re1+ 34. Qxe1
Qxd3 35. Qxb4 Qd1+ 36. Kh2 Be5+ 37. g3 hxg3+ 38. fxg3 Bd4 0-1

[Event "London Classic Open 2016"]
[Site "London ENG"]
[Date "2016.12.16"]
[Round "9.5"]
[White "Iturrizaga Bonelli, Eduardo"]
[Black "Svane, Rasmus"]
[Result "1-0"]
[WhiteTitle "GM"]
[BlackTitle "GM"]
[WhiteElo "2652"]
[BlackElo "2555"]
[WhiteFideId "3901211"]
[BlackFideId "4657101"]
[EventDate "2016.12.09"]

1. c4 e6 2. Nc3 Nf6 3. e4 d5 4. cxd5 exd5 5. e5 Ne4 6. Nf3 Be7 7. Nxe4 dxe4 8.
Qa4+ Nd7 9. Qxe4 Nc5 10. Qe3 Bg4 11. d4 Bxf3 12. gxf3 Ne6 13. Bc4 Qxd4 14. Bxe6
Qxe3+ 15. fxe3 fxe6 16. Ke2 Kf7 17. Bd2 Rhd8 18. Rac1 Rd7 19. Rc4 Rad8 20. Bc3
c5 21. a4 b6 22. Rg1 a6 23. Rcg4 Bf8 24. Rh4 Kg8 25. f4 b5 26. Ba5 Rb8 27. Ra1
b4 28. Rc1 Be7 29. Rg4 Kf7 30. Rgg1 g6 31. Rc4 Rbb7 32. h4 h5 33. e4 Rb8 34. Ke3
Bd8 35. Rxc5 Bxa5 36. Rxa5 Rbd8 37. f5 gxf5 38. Rxa6 fxe4 39. Rf1+ Ke7 40. Rf6
Rd3+ 41. Kf4 e3 42. Rfxe6+ Kf8 43. Rf6+ Ke8 44. Kf3 Rb3 45. Rae6+ Kd7 46. Rd6+
Ke7 47. Rxd8 Kxd8 48. a5 Rxb2 49. Kxe3 b3 50. a6 Ra2 51. Kd3 Ra5 52. Kc3 Ke7 53.
Rh6 Rxe5 54. a7 Rc5+ 55. Kxb3 Rc8 56. Rxh5 1-0

[Event "London Classic Open 2016"]
[Site "London ENG"]
[Date "2016.12.16"]
[Round "9.6"]
[White "Melkumyan, Hrant"]
[Black "Handke, Florian"]
[Result "1/2-1/2"]
[WhiteTitle "GM"]
[BlackTitle "GM"]
[WhiteElo "2633"]
[BlackElo "2515"]
[WhiteFideId "13302485"]
[BlackFideId "4634527"]
[EventDate "2016.12.09"]

1. Nf3 Nf6 2. c4 g6 3. Nc3 d5 4. cxd5 Nxd5 5. e4 Nxc3 6. bxc3 Bg7 7. Be2 c5 8.
O-O Nc6 9. Qa4 Bd7 10. Qa3 b6 11. Rd1 O-O 12. d4 Qc7 13. Be3 Bg4 14. Rac1 Na5
15. Qa4 Bd7 16. Bb5 Bxb5 17. Qxb5 a6 18. Qe2 b5 19. Nd2 cxd4 20. cxd4 Qd6 21. d5
Rfc8 22. h4 h5 23. g4 hxg4 24. Qxg4 Nc4 25. Bf4 Be5 26. Bg5 Kg7 27. Nf1 Rc7 28.
Ne3 Nxe3 29. Bxe3 Rac8 30. Rxc7 Rxc7 31. h5 Rc4 32. Qg2 Ra4 33. Kh1 Rxa2 34. Rg1
Qf6 35. Qg4 Rxf2 36. Bxf2 Qxf2 37. Rg2 Qf1+ 38. Rg1 Qf2 39. Rg2 Qe1+ 40. Rg1 Qd2
41. Qh4 Qh6 42. Rxg6+ fxg6 43. Qxe7+ Kg8 44. Qe8+ Qf8 45. Qe6+ Qf7 46. Qxe5 Qf1+
47. Kh2 Qf2+ 48. Kh1 Qf1+ 49. Kh2 Qf2+ 50. Kh1 1/2-1/2

[Event "London Classic Open 2016"]
[Site "London ENG"]
[Date "2016.12.16"]
[Round "9.7"]
[White "Hebden, Mark L"]
[Black "Hovhannisyan, Robert"]
[Result "1/2-1/2"]
[WhiteTitle "GM"]
[BlackTitle "GM"]
[WhiteElo "2492"]
[BlackElo "2630"]
[WhiteFideId "400084"]
[BlackFideId "13302507"]
[EventDate "2016.12.09"]

1. d4 d5 2. c4 c6 3. Nf3 Nf6 4. e3 Bg4 5. h3 Bh5 6. g4 Bg6 7. Ne5 e6 8. Nd2 Nbd7
9. Nxg6 hxg6 10. Bg2 Bb4 11. Qb3 a5 12. cxd5 exd5 13. a3 Bxd2+ 14. Bxd2 Nb6 15.
a4 O-O 16. O-O Re8 17. Qc2 Ne4 18. Be1 f5 19. f3 Nd6 20. Bf2 Re6 21. b3 Qe7 22.
Rae1 Nd7 23. Qc3 Nf8 24. Bg3 Re8 25. Bf4 Qd8 26. g5 R6e7 27. h4 Ne6 28. Be5 Nf7
29. f4 Qb6 30. Kh2 Rf8 31. Bf3 Nxe5 32. fxe5 Kf7 33. Kg2 Ke8 34. Rb1 Qb4 35.
Qxb4 axb4 36. a5 Kd7 37. Ra1 Ra8 38. Ra4 Kc8 39. Rfa1 Rd7 40. Be2 Kd8 41. Rxb4
b5 42. axb6 Rxa1 43. b7 Rxb7 44. Rxb7 Re1 45. Kf2 Rh1 46. Rb8+ Kc7 47. Re8 Kd7
48. Rg8 Rh2+ 49. Kf1 Rxh4 50. Ba6 Kc7 51. Bc8 Nd8 52. e6 Re4 53. Re8 Rxe3 54.
Bd7 Nb7 55. Rc8+ Kd6 56. b4 Re4 57. Rxc6+ Ke7 58. Rc7 Nd8 59. Bc8+ Ke8 60. b5
Nxe6 61. Rc3 Rf4+ 62. Kg2 Rg4+ 63. Kf1 Rf4+ 64. Kg2 1/2-1/2

[Event "London Classic Open 2016"]
[Site "London ENG"]
[Date "2016.12.16"]
[Round "9.8"]
[White "Hector, Jonny"]
[Black "Bok, Benjamin"]
[Result "0-1"]
[WhiteTitle "GM"]
[BlackTitle "GM"]
[WhiteElo "2488"]
[BlackElo "2598"]
[WhiteFideId "1700090"]
[BlackFideId "1017063"]
[EventDate "2016.12.09"]

1. e4 c5 2. Nf3 d6 3. d4 cxd4 4. Nxd4 Nf6 5. Nc3 Nc6 6. Bc4 e6 7. Be3 a6 8. Qe2
Bd7 9. Nxc6 Bxc6 10. f3 b5 11. Bd3 Qc7 12. O-O Be7 13. a4 b4 14. Nb1 d5 15. Nd2
Bd6 16. g3 Be5 17. a5 Bxb2 18. Bb6 Qb8 19. Rab1 Bc3 20. Nb3 dxe4 21. fxe4 O-O
22. Nd4 Bb7 23. Rxf6 Qe5 24. Rf2 Bxd4 25. Bxd4 Qxd4 26. Qe1 Bc6 27. Rxb4 Qe5 28.
Rb6 Bb5 29. Bxb5 axb5 30. Qb4 Qa1+ 31. Rf1 Qxa5 32. Rxb5 Qa7+ 33. Kg2 Rad8 34.
Rc5 Rc8 35. Rxc8 Rxc8 36. Rf2 h6 37. Qd2 Qa4 38. Qd3 Qc6 39. Qf3 Rc7 40. e5 Qc4
41. Rd2 Qa4 42. Qd3 Qa8+ 43. Qf3 Qc8 44. Qd1 Qa8+ 45. Qf3 Qa4 46. Qd3 Qa5 47.
Qd8+ Kh7 48. Qd3+ g6 49. Re2 Qa4 50. Rd2 Kg7 51. Rf2 Rd7 52. Qf3 h5 53. Qe3 Qc6+
54. Qf3 Qc7 55. Qe4 Rd5 56. Re2 Rc5 57. h4 Rc4 58. Qd3 Qc6+ 59. Kh2 Rc3 60. Qd2
Qf3 61. Qe1 Kg8 62. Rg2 Re3 63. Qa5 Qf5 64. c4 Qxe5 65. c5 Rc3 66. Qa8+ Kg7 67.
c6 Qc5 68. Qa1 Kh7 69. Qf1 Kg8 70. Rf2 Rc1 0-1

[Event "London Classic Open 2016"]
[Site "London ENG"]
[Date "2016.12.16"]
[Round "9.9"]
[White "Istratescu, Andrei"]
[Black "Elsness, Frode"]
[Result "1-0"]
[WhiteTitle "GM"]
[BlackTitle "IM"]
[WhiteElo "2596"]
[BlackElo "2452"]
[WhiteFideId "1200372"]
[BlackFideId "1501100"]
[EventDate "2016.12.09"]

1. d4 Nf6 2. c4 e6 3. Nf3 d5 4. Nc3 dxc4 5. e4 Bb4 6. Bxc4 Nxe4 7. O-O Nxc3 8.
bxc3 Be7 9. Re1 O-O 10. Ne5 c5 11. d5 Na6 12. Rb1 Nc7 13. dxe6 Nxe6 14. Qh5 Qd6
15. Bd3 g6 16. Qf3 Ng7 17. Bc4 Qf6 18. Bf4 Ne6 19. Bxe6 Bxe6 20. Rxb7 Rfe8 21.
h4 Bf8 22. Re3 Bg7 23. Qg3 Qf5 24. Nc6 Qg4 25. Qxg4 Bxg4 26. Rxa7 Be6 27. Bd6
Rxa7 28. Nxa7 Ra8 29. Bxc5 Bxa2 30. Nc6 Be6 31. Bd4 Ra1+ 32. Kh2 Bh6 33. Re4 Ra8
34. Bf6 Bf8 35. Ne7+ Bxe7 36. Bxe7 Kg7 37. Rf4 f5 38. Rb4 Ra7 39. Bc5 Rc7 40.
Bd4+ Kf7 41. Kg3 Bd5 42. f3 Rb7 43. Ra4 Bc6 44. Ra6 Bb5 45. Rf6+ Ke7 46. h5 gxh5
47. Rh6 Ke8 48. Rxh5 Bd3 49. Kf4 Rf7 50. Rh1 Kd7 51. Rd1 Bc4 52. Bf6+ Ke6 53.
Be5 Ke7 54. Rd4 Bf1 55. g3 Ke8 56. Rb4 Be2 57. c4 Kd7 58. Rb7+ Ke8 59. Rb8+ Kd7
60. c5 Kc6 61. Bd4 Rb7 62. Re8 Bd1 63. Re6+ Kb5 64. Re1 Bc2 65. Rc1 Bd3 66. c6
Rc7 67. Rc5+ Kb4 68. Ke5 Rc8 69. c7 Be2 70. f4 Bf3 71. Kd6 Bb7 72. Kd7 Ka4 73.
Bc3 1-0

[Event "London Classic Open 2016"]
[Site "London ENG"]
[Date "2016.12.16"]
[Round "9.10"]
[White "Karthikeyan, Murali"]
[Black "Lenderman, Aleksandr"]
[Result "1-0"]
[WhiteTitle "GM"]
[BlackTitle "GM"]
[WhiteElo "2530"]
[BlackElo "2581"]
[WhiteFideId "5074452"]
[BlackFideId "2021285"]
[EventDate "2016.12.09"]

1. e4 e6 2. d4 d5 3. Nd2 c5 4. Ngf3 cxd4 5. Nxd4 Nf6 6. exd5 Nxd5 7. Ne4 Bd7 8.
c3 Be7 9. Qg4 O-O 10. Bh6 Bf6 11. O-O-O Be5 12. f4 Ne3 13. Qh3 Bxd4 14. Rxd4 Nf5
15. Bg5 f6 16. Rd2 Qc7 17. g4 fxg5 18. gxf5 Qxf4 19. fxe6 g4 20. Qh4 Bxe6 21.
Bd3 Bd5 22. Nf6+ Rxf6 23. Qxh7+ Kf8 24. Qh8+ Ke7 25. Re1+ Re6 26. Qxg7+ Kd6 27.
Rf1 Qe5 28. Qf8+ Kc6 29. Rf5 Qe1+ 30. Kc2 Na6 31. Qxa8 Nc5 32. Rxd5 Kxd5 33.
Bb5+ 1-0

[Event "London Classic Open 2016"]
[Site "London ENG"]
[Date "2016.12.16"]
[Round "9.11"]
[White "Zhou, Yang-Fan"]
[Black "Hawkins, Jonathan"]
[Result "0-1"]
[WhiteTitle "IM"]
[BlackTitle "GM"]
[WhiteElo "2470"]
[BlackElo "2590"]
[WhiteFideId "468584"]
[BlackFideId "412686"]
[EventDate "2016.12.09"]

1. e4 e6 2. Nc3 d5 3. Nf3 Nf6 4. e5 Nfd7 5. d4 c5 6. Ne2 Nc6 7. c3 cxd4 8. cxd4
f6 9. Nf4 Bb4+ 10. Bd2 Qe7 11. Bxb4 Nxb4 12. g3 fxe5 13. dxe5 g5 14. Nd3 O-O 15.
Be2 g4 16. Nd4 Nxd3+ 17. Qxd3 Nxe5 18. Qe3 Ng6 19. Bd3 e5 20. Bxg6 Qb4+ 21. Kf1
hxg6 22. Nb3 Bf5 23. h3 Qe4 24. Qxe4 Bxe4 25. Rh2 gxh3 26. Rxh3 Rac8 27. Rd1 Bf3
28. Re1 Rc2 29. Rxe5 Bg2+ 0-1

[Event "London Classic Open 2016"]
[Site "London ENG"]
[Date "2016.12.16"]
[Round "9.12"]
[White "Moussard, Jules"]
[Black "Bartholomew, John"]
[Result "1-0"]
[WhiteTitle "GM"]
[BlackTitle "IM"]
[WhiteElo "2571"]
[BlackElo "2448"]
[WhiteFideId "642908"]
[BlackFideId "2019353"]
[EventDate "2016.12.09"]

1. Nf3 d5 2. g3 Bg4 3. Bg2 Nd7 4. O-O c6 5. h3 Bh5 6. d3 Ngf6 7. Qe1 e5 8. e4
dxe4 9. dxe4 Bc5 10. a4 O-O 11. Nbd2 Re8 12. Nh4 Qc7 13. Nb3 Bf8 14. Bg5 a5 15.
Kh1 b6 16. Qc3 h6 17. Bd2 Bb4 18. Qe3 Bxd2 19. Nxd2 Nf8 20. c3 Ne6 21. Nc4 Nc5
22. b4 axb4 23. a5 b3 24. axb6 Qe7 25. Nf5 Qf8 26. Nfd6 Nfd7 27. Nxe8 Qxe8 28.
Rxa8 Qxa8 29. Nxe5 b2 30. Nxd7 Nxd7 31. g4 Bg6 32. b7 Qxb7 33. Rb1 Qa6 34. Qd2
Nc5 35. Rxb2 Bxe4 36. Qe1 Qd3 37. Kg1 Bxg2 38. Kxg2 Qd5+ 39. f3 g6 40. Rd2 Qc4
41. Rd8+ Kh7 42. Qe5 1-0

[Event "London Classic Open 2016"]
[Site "London ENG"]
[Date "2016.12.16"]
[Round "9.13"]
[White "Shabalov, Alexander"]
[Black "Battaglini, Gabriel"]
[Result "0-1"]
[WhiteTitle "GM"]
[BlackTitle "IM"]
[WhiteElo "2563"]
[BlackElo "2426"]
[WhiteFideId "2008572"]
[BlackFideId "621650"]
[EventDate "2016.12.09"]

1. e4 e6 2. d4 d5 3. e5 c5 4. c3 Nc6 5. Nf3 Qb6 6. a3 Nh6 7. b4 cxd4 8. cxd4 Nf5
9. Be3 Nxe3 10. fxe3 g6 11. Bd3 Bh6 12. Qe2 Bd7 13. Nc3 Ne7 14. O-O Nf5 15. Bxf5
gxf5 16. Kh1 Rc8 17. Qd2 a5 18. b5 Rc4 19. a4 Qc7 20. Nd1 Rc2 21. Qe1 Rg8 22.
Rf2 b6 23. Kg1 Rc1 24. Rfa2 Qc4 25. Qd2 Bxe3+ 26. Qxe3 Rxd1+ 27. Rxd1 Qxa2 28.
Rd2 Qxa4 29. h3 Qxb5 30. Qh6 Qb1+ 31. Kh2 f4 32. Qxf4 Qe4 33. Qh6 Rg6 34. Qh5
Qf4+ 0-1

[Event "London Classic Open 2016"]
[Site "London ENG"]
[Date "2016.12.16"]
[Round "9.14"]
[White "Libiszewski, Fabien"]
[Black "Soumya, Swaminathan"]
[Result "1-0"]
[WhiteTitle "GM"]
[BlackTitle "WGM"]
[WhiteElo "2547"]
[BlackElo "2384"]
[WhiteFideId "616834"]
[BlackFideId "5016193"]
[EventDate "2016.12.09"]

1. e4 c5 2. Nf3 e6 3. d3 Nc6 4. g3 d5 5. Qe2 Nf6 6. Bg2 Be7 7. O-O dxe4 8. dxe4
e5 9. c3 h6 10. Na3 Be6 11. Nc4 Qc7 12. Nh4 g6 13. f4 O-O-O 14. f5 Bxc4 15. Qxc4
g5 16. Nf3 Rhf8 17. Kh1 Rd7 18. Be3 Na5 19. Qa4 Nc6 20. Rfe1 Rfd8 21. Bf1 a6 22.
Rac1 Nb8 23. Qc4 Bf8 24. a4 g4 25. Ng1 Qc6 26. Bg2 b5 27. axb5 axb5 28. Qe2 Rd3
29. Bd4 R3xd4 30. cxd4 Rxd4 31. Qc2 Na6 32. Ne2 Rd7 33. Qc3 Bd6 34. Qe3 Bf8 35.
Nc3 Rd4 36. Ra1 Nd7 37. Qe2 c4 38. Qxg4 Rd2 39. Re2 Rd3 40. Qg8 f6 41. Nd5 Kb7
42. Qe6 Bd6 43. Rxa6 Rd1+ 44. Bf1 Qxa6 45. Qxd7+ Kb8 46. Kg2 1-0

[Event "London Classic Open 2016"]
[Site "London ENG"]
[Date "2016.12.16"]
[Round "9.15"]
[White "Williams, Simon K"]
[Black "Sadzikowski, Daniel"]
[Result "0-1"]
[WhiteTitle "GM"]
[BlackTitle "IM"]
[WhiteElo "2443"]
[BlackElo "2547"]
[WhiteFideId "404454"]
[BlackFideId "1132253"]
[EventDate "2016.12.09"]

1. d4 Nf6 2. Bf4 e6 3. Nf3 c5 4. e3 Nc6 5. Nbd2 d5 6. c3 Bd6 7. Bg3 O-O 8. Bd3
b6 9. Qe2 Bb7 10. Rd1 Qe7 11. e4 dxe4 12. Nxe4 Nxe4 13. Bxe4 cxd4 14. Nxd4 Nxd4
15. Rxd4 Bc5 16. Bxh7+ Kxh7 17. Rh4+ Kg8 18. b4 Qg5 19. Qc2 Qf5 20. Qxf5 exf5
21. bxc5 Rfe8+ 22. Kd2 bxc5 23. Rd1 Bxg2 24. Bc7 Rac8 25. Ba5 Bf3 26. Re1 Rxe1
27. Kxe1 Re8+ 28. Kd2 Re2+ 29. Kd3 Rxa2 30. Bc7 f6 31. Ke3 Bd5 32. f4 Bg2 33.
Bd6 c4 0-1